[Event "BL 0405 Erfurter SK - Preetzer TSV"]
[Site "?"]
[Date "2004.12.11"]
[Round "5.6"]
[White "Brueggemann, Joachim"]
[Black "Junge, Kai"]
[Result "1-0"]
[WhiteElo "2404"]
[BlackElo "2259"]
[PlyCount "105"]
[EventDate "2004.??.??"]

1. e4 Nf6 2. e5 Nd5 3. d4 d6 4. Nf3 Bg4 5. Be2 e6 6. h3 Bh5 7. c4 Nb6 8. exd6
cxd6 9. a4 a5 10. Qb3 N8d7 11. Be3 Be7 12. O-O O-O 13. Rd1 d5 14. c5 Bxf3 15.
Bxf3 Nc4 16. Bf4 b6 17. c6 Nf6 18. c7 Qd7 19. Nd2 Nxd2 20. Rxd2 Bb4 21. Rc2
Rfc8 22. Be2 Ra7 23. Bb5 Qe7 24. Rc6 Nd7 25. Rd1 Kh8 26. Qd3 Nf8 27. Ba6 Raxc7
28. Bxc7 Rxc7 29. Qb5 Rxc6 30. Qxc6 g6 31. Qxb6 Kg8 32. Qb7 Qg5 33. Qc7 h5 34.
Rd3 h4 35. Rf3 f5 36. Re3 Bd2 37. Rd3 Bf4 38. Qxa5 Bd6 39. Qd2 Bf4 40. Qe1 Bd6
41. Bc8 Kf7 42. a5 Bb4 43. Qxb4 Qc1+ 44. Kh2 Qf4+ 45. Rg3 g5 46. Qc3 g4 47. Kg1
hxg3 48. fxg3 Qe4 49. a6 gxh3 50. gxh3 Qb1+ 51. Kf2 Ng6 52. Bxe6+ Kxe6 53. a7
1-0

[Event "BL 0405 Erfurter SK - Preetzer TSV"]
[Site "?"]
[Date "2004.12.11"]
[Round "5.7"]
[White "Willsch, Matthias"]
[Black "Voekler, Bernd"]
[Result "1/2-1/2"]
[WhiteElo "2250"]
[BlackElo "2376"]
[PlyCount "41"]
[EventDate "2004.??.??"]

1. d4 Nf6 2. c4 g6 3. Nc3 Bg7 4. e4 d6 5. f3 O-O 6. Be3 Nc6 7. Nge2 a6 8. Qd2
Rb8 9. Nc1 e5 10. d5 Nd4 11. Nb3 Nxb3 12. axb3 c5 13. g4 h5 14. h3 Nh7 15. Bd3
Qh4+ 16. Qf2 Qxf2+ 17. Kxf2 h4 18. Ke2 Bf6 19. b4 b6 20. b5 a5 21. Nd1 1/2-1/2

[Event "BL 0405 SC Eppingen - SC Kreuzberg"]
[Site "?"]
[Date "2004.12.11"]
[Round "5.1"]
[White "Nisipeanu, Liviu-Dieter"]
[Black "Gyimesi, Zoltan"]
[Result "1/2-1/2"]
[WhiteElo "2687"]
[BlackElo "2613"]
[PlyCount "126"]
[EventDate "2004.??.??"]

1. e4 e5 2. Nf3 Nc6 3. Bb5 a6 4. Ba4 Nf6 5. O-O Be7 6. Re1 b5 7. Bb3 O-O 8. d4
d6 9. c3 Bg4 10. Be3 Bh5 11. Nbd2 d5 12. exd5 Nxd5 13. dxe5 Nxe5 14. Bd4 Nc6
15. Ne4 Nf4 16. Ng3 Bg6 17. Be3 Nd3 18. Re2 Na5 19. Rd2 Nc4 20. Bxc4 bxc4 21.
Ne5 Qd5 22. Nxg6 hxg6 23. b3 Qc6 24. Ne2 Bf6 25. Nd4 Qe4 26. Qc2 c5 27. Nf3
Rad8 28. Rdd1 Rfe8 29. Nd2 cxb3 30. axb3 Qe5 31. Nc4 Qxc3 32. Qxc3 Bxc3 33.
Rxa6 Nb2 34. Rxd8 Rxd8 35. Kf1 Nxc4 36. bxc4 Bd4 37. Rc6 Bxe3 38. fxe3 Re8 39.
Ke2 Re5 40. Rc8+ Kh7 41. Rd8 Rh5 42. h3 Rh4 43. Kd3 g5 44. Rd5 g4 45. hxg4 Rxg4
46. Rxc5 Rxg2 47. Rd5 Rg1 48. c5 Rc1 49. Ke4 Kh6 50. Ke5 g5 51. Kd6 g4 52. e4
g3 53. Rd3 g2 54. Rh3+ Kg5 55. Rg3+ Kf4 56. Rxg2 Kxe4 57. Rg4+ Ke3 58. Rg5 Ke4
59. Re5+ Kf4 60. Rd5 Ke4 61. c6 Rxc6+ 62. Kxc6 f5 63. Rxf5 Kxf5 1/2-1/2

[Event "BL 0405 SC Eppingen - SC Kreuzberg"]
[Site "?"]
[Date "2004.12.11"]
[Round "5.2"]
[White "Acs, Peter"]
[Black "Almasi, Zoltan"]
[Result "1/2-1/2"]
[WhiteElo "2521"]
[BlackElo "2650"]
[PlyCount "81"]
[EventDate "2004.??.??"]

1. e4 e5 2. Nf3 Nc6 3. Bb5 Nf6 4. O-O Nxe4 5. d4 Nd6 6. Bxc6 dxc6 7. dxe5 Nf5
8. Qxd8+ Kxd8 9. Nc3 Ne7 10. h3 Ng6 11. b3 h6 12. Bb2 Bd7 13. Rad1 Kc8 14. Rd3
Be7 15. Rfd1 Bf5 16. R3d2 c5 17. Nd5 Be6 18. c4 Bd8 19. Nh2 a5 20. a4 Ra6 21.
Rd3 Re8 22. g3 h5 23. h4 Bf5 24. Rf3 Be6 25. Rd2 c6 26. Nc3 Bc7 27. Ne4 Rd8 28.
Rxd8+ Kxd8 29. Nd6 Bxd6 30. exd6 b5 31. Bxg7 bxc4 32. bxc4 Rb6 33. Bc3 Kd7 34.
Bxa5 Rb1+ 35. Kg2 Bxc4 36. Ra3 Bd5+ 37. f3 Rb2+ 38. Kg1 Rb1+ 39. Kg2 Rb2+ 40.
Kg1 Rb1+ 41. Kg2 1/2-1/2

[Event "BL 0405 SC Eppingen - SC Kreuzberg"]
[Site "?"]
[Date "2004.12.11"]
[Round "5.3"]
[White "Aronian, Levon"]
[Black "Medvegy, Zoltan"]
[Result "1-0"]
[WhiteElo "2675"]
[BlackElo "2467"]
[PlyCount "57"]
[EventDate "2004.??.??"]

1. d4 Nf6 2. c4 e6 3. Nc3 Bb4 4. e3 b6 5. Nge2 Ba6 6. a3 Be7 7. Nf4 d5 8. cxd5
Bxf1 9. dxe6 Ba6 10. exf7+ Kxf7 11. e4 c5 12. e5 Re8 13. Be3 Nc6 14. Qb3+ c4
15. Qa4 Na5 16. exf6 Bxf6 17. O-O Qd6 18. Nfd5 Bb7 19. Nxf6 Qxf6 20. d5 Rad8
21. Rad1 Bc8 22. Rd4 Kg8 23. Rf4 Qg6 24. Rf3 Bd7 25. Qb4 Qc2 26. h3 Bc8 27. Kh2
Qb3 28. Bg5 Rd7 29. Re1 1-0

[Event "BL 0405 SC Eppingen - SC Kreuzberg"]
[Site "?"]
[Date "2004.12.11"]
[Round "5.4"]
[White "Braun, Arik"]
[Black "Socko, Bartosz"]
[Result "0-1"]
[WhiteElo "2480"]
[BlackElo "2570"]
[PlyCount "60"]
[EventDate "2004.??.??"]

1. d4 Nf6 2. c4 e6 3. Nc3 Bb4 4. e3 O-O 5. Bd3 d5 6. Nf3 c5 7. O-O cxd4 8. exd4
dxc4 9. Bxc4 b6 10. Bg5 Bb7 11. Rc1 Nc6 12. a3 Bxc3 13. Rxc3 Rc8 14. Ba2 Ne7
15. Bb1 Rxc3 16. bxc3 Ne4 17. Qd3 Nxg5 18. Nxg5 Nf5 19. Nf3 g6 20. Ne5 Qd5 21.
f3 Rc8 22. Qd2 Qa5 23. Be4 Bd5 24. Bxf5 exf5 25. Rc1 Qxa3 26. c4 Be6 27. Rc3
Qd6 28. Qf4 Rxc4 29. Rxc4 Bxc4 30. h4 f6 0-1

[Event "BL 0405 SC Eppingen - SC Kreuzberg"]
[Site "?"]
[Date "2004.12.11"]
[Round "5.5"]
[White "Maiwald, Jens-Uwe"]
[Black "Schulze, Ulrich"]
[Result "1-0"]
[WhiteElo "2514"]
[BlackElo "2333"]
[PlyCount "103"]
[EventDate "2004.??.??"]

1. e4 c6 2. d4 d5 3. e5 Bf5 4. h4 h5 5. c4 e6 6. Nc3 dxc4 7. Bxc4 Nd7 8. Bg5
Ne7 9. Nge2 Nb6 10. Bb3 Qd7 11. a4 a5 12. O-O Ned5 13. Ng3 Bg6 14. Nce4 Bxe4
15. Nxe4 Be7 16. Qf3 Nc8 17. Rac1 Kf8 18. Nc5 Bxc5 19. dxc5 Nce7 20. Rfd1 Qc7
21. Qe4 Ng6 22. Re1 Re8 23. Qd4 Nge7 24. Rcd1 Nf5 25. Qe4 Kg8 26. Rd3 Kf8 27.
Bd1 Nfe7 28. Bf3 Kg8 29. Qe2 g6 30. Red1 Qb8 31. Rc1 Qc7 32. Rc4 Qb8 33. b3 Qc7
34. Qb2 Qb8 35. Be4 Qc7 36. Bf3 Qb8 37. Qe2 Qc8 38. g3 Qb8 39. Kg2 Qc8 40. Kf1
Qb8 41. g4 hxg4 42. Bxg4 Rh7 43. h5 Nf5 44. Rh3 Qc7 45. Rc1 Ng7 46. h6 Nf5 47.
Rd1 Rh8 48. h7+ Rxh7 49. Rdd3 Rxh3 50. Rxh3 f6 51. exf6 Qf7 52. Qe5 1-0

[Event "BL 0405 SC Eppingen - SC Kreuzberg"]
[Site "?"]
[Date "2004.12.11"]
[Round "5.6"]
[White "Miltner, Arndt"]
[Black "Kalinitschew, Sergey"]
[Result "0-1"]
[WhiteElo "2402"]
[BlackElo "2533"]
[PlyCount "78"]
[EventDate "2004.??.??"]

1. d4 Nf6 2. Nf3 e6 3. e3 b6 4. Bd3 Bb7 5. O-O c5 6. c4 g6 7. Nc3 Bg7 8. e4
cxd4 9. Nxd4 d6 10. f4 Nbd7 11. Qe2 O-O 12. Nf3 a6 13. Bd2 Rc8 14. Rae1 Qc7 15.
Kh1 Rfd8 16. Ng5 h6 17. Nh3 Nc5 18. Bb1 d5 19. cxd5 exd5 20. e5 Nfe4 21. Nf2 a5
22. Nfxe4 dxe4 23. Rf2 Nd3 24. Bxd3 exd3 25. Qg4 Re8 26. f5 Rxe5 27. Rxe5 h5
28. Qh3 Qxe5 29. fxg6 fxg6 30. Qxd3 Qd4 31. Qe2 Qd7 32. Bg5 Re8 33. Qc4+ Kh7
34. Qf1 Qg4 35. h4 Qh3+ 36. Kg1 Bxg2 37. Rxg2 Bd4+ 38. Rf2 Qg3+ 39. Kh1 Bxf2
0-1

[Event "BL 0405 SC Eppingen - SC Kreuzberg"]
[Site "?"]
[Date "2004.12.11"]
[Round "5.8"]
[White "Rau, Hannes"]
[Black "Lau, Ralf"]
[Result "1/2-1/2"]
[WhiteElo "2384"]
[BlackElo "2481"]
[PlyCount "62"]
[EventDate "2004.??.??"]

1. d4 g6 2. Nf3 Bg7 3. c4 d6 4. Nc3 Bg4 5. e3 Nd7 6. Be2 c5 7. O-O Ngf6 8. h3
Bxf3 9. Bxf3 Rb8 10. b3 O-O 11. Bb2 a6 12. Qd2 Qa5 13. Rfd1 Rfc8 14. dxc5 Nxc5
15. Ne4 Qxd2 16. Nxd2 b5 17. Be2 b4 18. f3 Nfd7 19. Bd4 Ne6 20. Bxg7 Kxg7 21.
Rdb1 Rb6 22. a4 bxa3 23. b4 Rcb8 24. b5 axb5 25. cxb5 Nc7 26. Rxa3 Nxb5 27.
Rxb5 Rxb5 28. Bxb5 Rxb5 29. Ra7 Nf6 30. Rxe7 Re5 31. Rxe5 dxe5 1/2-1/2

[Event "BL 0405 SC Baden Oos - SFR Neukölln"]
[Site "?"]
[Date "2004.12.11"]
[Round "5.3"]
[White "Borriss, Martin Dr"]
[Black "Movsesian, Sergei"]
[Result "0-1"]
[WhiteElo "2439"]
[BlackElo "2629"]
[PlyCount "108"]
[EventDate "2004.??.??"]

1. e4 c5 2. Nf3 e6 3. d4 cxd4 4. Nxd4 a6 5. Nc3 b5 6. Bd3 Qb6 7. Nf3 Qc7 8. O-O
Bb7 9. Re1 Nf6 10. e5 b4 11. exf6 bxc3 12. Bg5 h6 13. Bh4 gxf6 14. Bxf6 Rg8 15.
Bh7 Rg4 16. h3 cxb2 17. Rb1 Rb4 18. c3 Rb6 19. Nd4 Qf4 20. Nf5 Nc6 21. Qc2 Ba3
22. Ng7+ Kf8 23. Nh5 Qd6 24. Rbd1 Qc5 25. Bg6 d6 26. Qd2 Ke8 27. Ng7+ Kd7 28.
Bxf7 e5 29. Be6+ Kc7 30. Bf5 Kb8 31. Be4 Ka7 32. Ne6 Qa5 33. Bg7 Re8 34. Bd5
Nb8 35. Bb3 Rxb3 36. axb3 Rxe6 37. Bxh6 Rg6 38. f3 Bxf3 39. b4 Bxd1 40. bxa5
b1=Q 41. Be3+ Ka8 42. Rxd1 Qb2 43. Qd5+ Qb7 44. g4 Qxd5 45. Rxd5 Nd7 46. Kg2
Bc5 47. Bxc5 Nxc5 48. Kf3 Rf6+ 49. Kg2 Ne4 50. c4 Kb7 51. h4 Rf2+ 52. Kh3 Rf3+
53. Kh2 Kc6 54. g5 Kd7 0-1

[Event "BL 0405 SC Baden Oos - SFR Neukölln"]
[Site "?"]
[Date "2004.12.11"]
[Round "5.4"]
[White "Dautov, Rustem"]
[Black "Berndt, Stephan"]
[Result "1/2-1/2"]
[WhiteElo "2623"]
[BlackElo "2438"]
[PlyCount "49"]
[EventDate "2004.??.??"]

1. d4 Nf6 2. c4 e6 3. Nf3 b6 4. g3 Ba6 5. Qb3 Be7 6. Bg2 c6 7. Bf4 O-O 8. Nc3
d5 9. cxd5 cxd5 10. Ne5 Bb7 11. O-O Nc6 12. Nxc6 Bxc6 13. Rfc1 Qd7 14. a4 Rfc8
15. a5 bxa5 16. Rxa5 Bd8 17. Raa1 Bb6 18. Rd1 Bc7 19. Bxc7 Rxc7 20. e3 Rb7 21.
Qc2 Rb4 22. Ra2 Qb7 23. Rda1 a5 24. Bf1 h6 25. Rxa5 1/2-1/2

[Event "BL 0405 SC Baden Oos - SFR Neukölln"]
[Site "?"]
[Date "2004.12.11"]
[Round "5.5"]
[White "Thiede, Lars"]
[Black "Huebner, Robert Dr"]
[Result "1/2-1/2"]
[WhiteElo "2442"]
[BlackElo "2624"]
[PlyCount "73"]
[EventDate "2004.??.??"]

1. g3 d5 2. Bg2 e5 3. d3 Nf6 4. Nf3 Bd6 5. O-O O-O 6. Nc3 c6 7. e4 dxe4 8. Nxe4
Nxe4 9. dxe4 Na6 10. Qe2 Qe7 11. Nd2 Be6 12. Nc4 Rad8 13. Nxd6 Rxd6 14. Be3
Rfd8 15. a3 c5 16. Rfd1 Rxd1+ 17. Rxd1 Rxd1+ 18. Qxd1 Nb8 19. b4 Nd7 20. Qd2 b6
21. Bf1 h6 22. Bb5 g5 23. Kg2 Kg7 24. h4 gxh4 25. Bxh6+ Kg6 26. f3 hxg3 27.
Kxg3 f5 28. exf5+ Bxf5 29. Bxd7 Bxd7 30. bxc5 bxc5 31. Be3 Bc6 32. Qf2 c4 33.
Bxa7 Qxa3 34. Qe3 Qd6 35. Bc5 Qd5 36. Bb4 Qd4 37. Bd2 1/2-1/2

[Event "BL 0405 SC Baden Oos - SFR Neukölln"]
[Site "?"]
[Date "2004.12.11"]
[Round "5.6"]
[White "Schlosser, Philipp"]
[Black "Poldauf, Dirk"]
[Result "1-0"]
[WhiteElo "2570"]
[BlackElo "2418"]
[PlyCount "85"]
[EventDate "2004.??.??"]

1. e4 e6 2. d4 d5 3. e5 c5 4. c3 Nc6 5. Nf3 Nge7 6. Na3 cxd4 7. cxd4 Nf5 8. Nc2
Qb6 9. Be2 Bd7 10. O-O Rc8 11. Kh1 h5 12. Bd2 Nd8 13. a4 Qxb2 14. Ne3 Qb6 15.
a5 Qc7 16. Nxf5 exf5 17. Qb3 Bc6 18. a6 b6 19. Rfc1 Be7 20. e6 Bf6 21. Bb5 fxe6
22. Rxc6 Nxc6 23. Rc1 O-O 24. Rxc6 Qf7 25. Qc2 Rxc6 26. Qxc6 Qe7 27. Qc1 h4 28.
h3 Rd8 29. Bf4 Qb4 30. Qc6 Qe7 31. Qb7 Qb4 32. Bf1 Bxd4 33. Bc7 Rf8 34. Qc6
Bxf2 35. Qxe6+ Kh8 36. Be5 Be3 37. Bd6 Qb1 38. Qxe3 Qxf1+ 39. Kh2 Rd8 40. Qe6
Qd3 41. Ng5 f4 42. Bxf4 Rf8 43. Be5 1-0

[Event "BL 0405 TV Tegernsee - SV Wattenscheid"]
[Site "?"]
[Date "2004.12.11"]
[Round "5.2"]
[White "Sokolov, Andrei"]
[Black "Macieja, Bartlomiej"]
[Result "1/2-1/2"]
[WhiteElo "2591"]
[BlackElo "2613"]
[PlyCount "50"]
[EventDate "2004.??.??"]

1. e4 c5 2. Nf3 Nc6 3. Bb5 e6 4. O-O Nge7 5. Re1 a6 6. Bf1 d5 7. exd5 Nxd5 8.
d4 Be7 9. c4 Nf6 10. dxc5 Qxd1 11. Rxd1 Ne4 12. Be3 Bxc5 13. Bxc5 Nxc5 14. Nc3
Bd7 15. g3 Ke7 16. Nd4 Rhd8 17. f4 Be8 18. Nxc6+ Bxc6 19. Kf2 a5 20. Ke3 h6 21.
Rxd8 Rxd8 22. Rd1 Rg8 23. Be2 g5 24. Bf3 Bxf3 25. Kxf3 gxf4 1/2-1/2

[Event "BL 0405 TV Tegernsee - SV Wattenscheid"]
[Site "?"]
[Date "2004.12.11"]
[Round "5.3"]
[White "Rustemov, Alexander"]
[Black "Ribli, Zoltan"]
[Result "1-0"]
[WhiteElo "2602"]
[BlackElo "2603"]
[PlyCount "81"]
[EventDate "2004.??.??"]

1. c4 c5 2. Nf3 Nf6 3. d4 cxd4 4. Nxd4 e6 5. g3 Qc7 6. Bg2 Qxc4 7. O-O Nc6 8.
Nb3 Be7 9. Nc3 O-O 10. e4 d5 11. exd5 exd5 12. Nxd5 Nxd5 13. Bxd5 Qg4 14. Bf4
Rd8 15. Bc7 Qxd1 16. Raxd1 Rd7 17. Bf4 Nb4 18. Bf3 Rxd1 19. Rxd1 Nxa2 20. Na5
Be6 21. Nxb7 Rc8 22. Be3 a6 23. Bd5 Bxd5 24. Rxd5 h6 25. Rd7 Kf8 26. Nd6 Rd8
27. Rxd8+ Bxd8 28. Bd4 g6 29. g4 Ke7 30. Nb7 Bc7 31. Be3 Be5 32. b3 Nc3 33. Kg2
g5 34. Nc5 a5 35. Bd2 Bd4 36. Na4 Nxa4 37. bxa4 Bb6 38. f4 f5 39. fxg5 hxg5 40.
Bxg5+ Ke6 41. Kf3 1-0

[Event "BL 0405 TV Tegernsee - SV Wattenscheid"]
[Site "?"]
[Date "2004.12.11"]
[Round "5.4"]
[White "Bischoff, Klaus"]
[Black "Handke, Florian"]
[Result "1/2-1/2"]
[WhiteElo "2559"]
[BlackElo "2467"]
[PlyCount "83"]
[EventDate "2004.??.??"]

1. d4 d5 2. c4 c6 3. e3 Nf6 4. Nc3 a6 5. Qc2 g6 6. Bd3 Bg7 7. Nf3 O-O 8. O-O
Bg4 9. Ne5 Be6 10. c5 Nbd7 11. Nxd7 Qxd7 12. Bd2 Bf5 13. Bxf5 Qxf5 14. Qxf5
gxf5 15. Ne2 Rfe8 16. Rfc1 e6 17. Be1 Bh6 18. a4 Nh5 19. g3 Bg5 20. Ba5 Bd8 21.
Bxd8 Rexd8 22. b4 Ra7 23. Rab1 Nf6 24. Rc2 Nd7 25. Kg2 Rc8 26. b5 axb5 27. axb5
cxb5 28. Rxb5 b6 29. c6 Nb8 30. Rxb6 Rac7 31. Nf4 Kg7 32. Rb5 Rxc6 33. Rxc6
Nxc6 34. Rb7 Kf6 35. h3 Na5 36. Ra7 Nc4 37. g4 fxg4 38. hxg4 h6 39. Nh5+ Kg6
40. Kg3 Nd6 41. Nf4+ Kg5 42. Nh3+ 1/2-1/2

[Event "BL 0405 TV Tegernsee - SV Wattenscheid"]
[Site "?"]
[Date "2004.12.11"]
[Round "5.5"]
[White "Appel, Ralf"]
[Black "Boensch, Uwe"]
[Result "0-1"]
[WhiteElo "2507"]
[BlackElo "2540"]
[PlyCount "70"]
[EventDate "2004.??.??"]

1. d4 Nf6 2. Nf3 e6 3. c4 Bb4+ 4. Bd2 Bxd2+ 5. Qxd2 d5 6. e3 O-O 7. Nc3 Qe7 8.
Qc2 Nc6 9. a3 Rd8 10. cxd5 exd5 11. Bd3 Bg4 12. O-O-O a6 13. Kb1 Rd6 14. h3
Bxf3 15. gxf3 b5 16. Na2 Na5 17. Rc1 Nc4 18. Ka1 a5 19. a4 c6 20. b3 Na3 21.
Qb2 b4 22. Qe2 g6 23. h4 Nd7 24. f4 c5 25. dxc5 Rc6 26. Bb5 Nxb5 27. Qxb5 Rxc5
28. Qb7 Rb8 29. Qa7 Qf6+ 30. Kb1 Qf5+ 31. Kb2 Rbc8 32. Rhd1 Rc2+ 33. Ka1 Nc5
34. Rb1 Rxa2+ 35. Kxa2 Qc2+ 0-1

[Event "BL 0405 TV Tegernsee - SV Wattenscheid"]
[Site "?"]
[Date "2004.12.11"]
[Round "5.6"]
[White "Kindermann, Stefan"]
[Black "Holzke, Frank Dr"]
[Result "1/2-1/2"]
[WhiteElo "2536"]
[BlackElo "2492"]
[PlyCount "122"]
[EventDate "2004.??.??"]

1. e4 e5 2. Nf3 Nc6 3. Bb5 a6 4. Ba4 Nf6 5. O-O Nxe4 6. d4 b5 7. Bb3 d5 8. dxe5
Be6 9. Nbd2 Be7 10. c3 O-O 11. Bc2 Nxd2 12. Qxd2 Bg4 13. Qd3 g6 14. Bh6 Re8 15.
Bb3 Bxf3 16. Qxf3 Nxe5 17. Qxd5 Qxd5 18. Bxd5 c6 19. Be4 Bc5 20. h3 Ng4 21.
Bxc6 Nxh6 22. b4 Bf8 23. a4 Rab8 24. Bxe8 Rxe8 25. axb5 axb5 26. Ra5 Rb8 27.
Rfa1 Nf5 28. Ra8 Rxa8 29. Rxa8 h5 30. Kf1 Nd6 31. Ke2 Kg7 32. Kd3 Be7 33. Kd4
Nc4 34. Ra7 Bh4 35. g3 Bf6+ 36. Kc5 Bxc3 37. Ra2 f5 38. Kxb5 Nd6+ 39. Kc5 Ne4+
40. Kc4 Be5 41. b5 Kf7 42. b6 Ke7 43. Ra7+ Kd6 44. f4 Bf6 45. Rf7 Bd8 46. b7
Bc7 47. Kb5 Bb8 48. Kb6 Nxg3 49. Rf6+ Kd5 50. Rxg6 Bxf4 51. Rg8 Ne4 52. Rd8+
Ke6 53. Kc6 h4 54. Rh8 Kf7 55. Rxh4 Be5 56. Rh8 f4 57. b8=Q Bxb8 58. Rxb8 Ke6
59. Rb1 Ke5 60. Rf1 Ng3 61. Rxf4 Kxf4 1/2-1/2

[Event "BL 0405 TV Tegernsee - SV Wattenscheid"]
[Site "?"]
[Date "2004.12.11"]
[Round "5.7"]
[White "Dinstuhl, Volkmar Dr"]
[Black "Teske, Henrik"]
[Result "0-1"]
[WhiteElo "2420"]
[BlackElo "2538"]
[PlyCount "73"]
[EventDate "2004.??.??"]

1. Nf3 d5 2. c4 e6 3. d4 Nf6 4. g3 dxc4 5. Qa4+ Nbd7 6. Bg2 a6 7. Qxc4 b5 8.
Qc2 Bb7 9. a4 c5 10. O-O Rc8 11. axb5 axb5 12. dxc5 Bxc5 13. Qd3 b4 14. Nbd2
O-O 15. Nb3 Qb6 16. Nxc5 Nxc5 17. Be3 Nxd3 18. Bxb6 Nxb2 19. Rfb1 Nc4 20. Ba5
Nxa5 21. Rxa5 Nd5 22. Nd4 Rc4 23. Nf5 Nc3 24. Ne3 Rd4 25. Rb2 Bxg2 26. Kxg2 f5
27. Ra7 Rb8 28. Rc7 Nb5 29. Re7 Re4 30. Rd2 Nd4 31. Nc2 b3 32. Nxd4 b2 33. Nxe6
b1=Q 34. Rxg7+ Kh8 35. Rdd7 Rxe6 36. Rxh7+ Kg8 37. Rdg7+ 0-1

[Event "BL 0405 TV Tegernsee - SV Wattenscheid"]
[Site "?"]
[Date "2004.12.11"]
[Round "5.8"]
[White "Bromberger, Stefan"]
[Black "Lemmers, Oscar"]
[Result "1-0"]
[WhiteElo "2440"]
[BlackElo "2401"]
[PlyCount "105"]
[EventDate "2004.??.??"]

1. e4 c5 2. Nf3 e6 3. d4 cxd4 4. Nxd4 a6 5. c4 Qc7 6. Nc3 Nf6 7. a3 b6 8. Be3
Bb7 9. f3 h6 10. Rc1 g5 11. Be2 d6 12. h4 g4 13. fxg4 Nxe4 14. Nxe4 Bxe4 15.
O-O Bg7 16. Bf3 Qb7 17. Qc2 d5 18. Bxe4 dxe4 19. Rf4 Nd7 20. Rxe4 Nc5 21. Rf4
O-O-O 22. b4 e5 23. bxc5 exf4 24. c6 Qc7 25. Qf5+ Kb8 26. Bxf4 Bxd4+ 27. Kh2
Rd6 28. Rd1 Bg1+ 29. Rxg1 Rhd8 30. Rd1 Rxd1 31. Bxc7+ Kxc7 32. c5 bxc5 33. Qxc5
R1d6 34. Qa7+ Kxc6 35. Qxf7 R8d7 36. Qf4 Kb7 37. g5 hxg5 38. Qxg5 Rd3 39. Qf5
R7d4 40. h5 Rxa3 41. Qb1+ Ka7 42. Qg1 Rad3 43. h6 Kb7 44. Qe1 Rd6 45. h7 Rh6+
46. Kg1 Rd8 47. Qb4+ Kc6 48. Qc3+ Kb5 49. Qb2+ Ka4 50. Qc1 Rh5 51. g4 Rh4 52.
Qc6+ Ka3 53. Qxa6+ 1-0

[Event "BL 0405 Stuttgarter Sfr - Solinger SG"]
[Site "?"]
[Date "2004.12.11"]
[Round "5.2"]
[White "Schmittdiel, Eckhard"]
[Black "Naumann, Alexander"]
[Result "1/2-1/2"]
[WhiteElo "2454"]
[BlackElo "2538"]
[PlyCount "30"]
[EventDate "2004.??.??"]

1. e4 e5 2. Nf3 Nc6 3. Nc3 Nf6 4. Bb5 Nd4 5. Ba4 Bc5 6. O-O O-O 7. d3 d6 8.
Nxd4 Bxd4 9. Bg5 h6 10. Bxf6 Qxf6 11. Nd5 Qd8 12. c3 Bb6 13. Nxb6 axb6 14. Bb3
Qg5 15. Qc1 Qxc1 1/2-1/2

[Event "BL 0405 Stuttgarter Sfr - Solinger SG"]
[Site "?"]
[Date "2004.12.11"]
[Round "5.3"]
[White "Smeets, Jan"]
[Black "Papa, Severin"]
[Result "1/2-1/2"]
[WhiteElo "2515"]
[BlackElo "2411"]
[PlyCount "76"]
[EventDate "2004.??.??"]

1. e4 c5 2. Nf3 Nc6 3. Bb5 Nf6 4. e5 Nd5 5. Nc3 Nc7 6. Bxc6 dxc6 7. h3 g6 8. d3
Bg7 9. Be3 Ne6 10. Ne4 Nd4 11. Nxc5 Nxf3+ 12. Qxf3 Bxe5 13. d4 Bg7 14. O-O O-O
15. c4 Qc7 16. Rad1 b6 17. Ne4 Bb7 18. Bf4 Qd7 19. Rd2 h6 20. Rfd1 Kh7 21. Be5
f6 22. Bh2 f5 23. Nc3 c5 24. d5 e5 25. dxe6 Bxf3 26. exd7 Bxd1 27. Rxd1 Bxc3
28. bxc3 f4 29. Bxf4 Rxf4 30. d8=Q Rxd8 31. Rxd8 Rxc4 32. Rd7+ Kg8 33. Rxa7
Rxc3 34. Rb7 Rc1+ 35. Kh2 Rb1 36. a4 Rb4 37. Ra7 Kf8 38. a5 bxa5 1/2-1/2

[Event "BL 0405 Stuttgarter Sfr - Solinger SG"]
[Site "?"]
[Date "2004.12.11"]
[Round "5.4"]
[White "Reuss, Andreas"]
[Black "Hoffmann, Michael"]
[Result "0-1"]
[WhiteElo "2356"]
[BlackElo "2468"]
[PlyCount "102"]
[EventDate "2004.??.??"]

1. d4 Nf6 2. Nf3 e6 3. g3 b5 4. Bg2 Bb7 5. O-O c5 6. c3 Na6 7. Bg5 Be7 8. Nbd2
O-O 9. a3 h6 10. Bxf6 Bxf6 11. Ne5 Bxg2 12. Kxg2 Bxe5 13. dxe5 d6 14. a4 b4 15.
exd6 Qxd6 16. Nc4 Qc6+ 17. f3 bxc3 18. bxc3 Rfd8 19. Qc2 Nc7 20. Rfd1 Nd5 21.
Kf2 Qa6 22. Qd3 Rd7 23. Ne5 c4 24. Qd4 Rb7 25. e4 Ne7 26. a5 Rc8 27. Ra4 Rb2+
28. Kg1 Qb5 29. Rxc4 Rxc4 30. Nxc4 Nc6 31. Qd3 Ra2 32. Qf1 Qc5+ 33. Kh1 Nxa5
34. Nxa5 Qxa5 35. Qd3 Kh7 36. e5+ g6 37. Qd7 Kg7 38. Qd4 Rc2 39. Rd2 Qxc3 40.
Qxc3 Rxc3 41. Kg2 a5 42. Ra2 Rc5 43. f4 g5 44. Kf3 Kg6 45. Ra4 Rb5 46. Kg4 h5+
47. Kh3 gxf4 48. gxf4 Rb3+ 49. Kg2 Rb4 50. Rxa5 Rxf4 51. Kg3 Rf5 0-1

[Event "BL 0405 Stuttgarter Sfr - Solinger SG"]
[Site "?"]
[Date "2004.12.11"]
[Round "5.5"]
[White "Werle, Jan"]
[Black "Vujic, Branimir"]
[Result "1-0"]
[WhiteElo "2457"]
[BlackElo "2360"]
[PlyCount "64"]
[EventDate "2004.??.??"]

1. Nf3 d5 2. d4 Nf6 3. c4 e6 4. Nc3 Be7 5. Bg5 O-O 6. e3 Nbd7 7. Rc1 a6 8. c5
c6 9. b4 h6 10. Bf4 Nh5 11. Bd3 a5 12. b5 Nxf4 13. exf4 Qc7 14. g3 f6 15. Nh4
e5 16. Qh5 Qd8 17. Qf5 e4 18. Nxe4 dxe4 19. Bc4+ Rf7 20. Qg6 Qe8 21. Nf5 Kh8
22. Bxf7 Qf8 23. Bc4 cxb5 24. Bxb5 Nb8 25. Nd6 Bxd6 26. cxd6 Bd7 27. Bxd7 Nxd7
28. O-O Qxd6 29. Qxe4 Rb8 30. Rfe1 a4 31. d5 Rd8 32. Qxa4 Nb6 1-0

[Event "BL 0405 Stuttgarter Sfr - Solinger SG"]
[Site "?"]
[Date "2004.12.11"]
[Round "5.8"]
[White "Haas, Wilhelm"]
[Black "Zysk, Robert"]
[Result "0-1"]
[WhiteElo "2181"]
[BlackElo "2462"]
[PlyCount "58"]
[EventDate "2004.??.??"]

1. d4 f5 2. g3 Nf6 3. Bg2 g6 4. c3 Bg7 5. Qb3 Nc6 6. Nh3 e6 7. Nf4 Qe7 8. O-O
g5 9. Nd3 h6 10. Nd2 d5 11. Nf3 Ne4 12. a4 b6 13. Qc2 a5 14. b3 Bb7 15. Ba3 Qf7
16. e3 g4 17. Nfe1 h5 18. c4 h4 19. cxd5 exd5 20. Nf4 hxg3 21. hxg3 Bxd4 22.
exd4 Qh7 23. Nh3 Nxd4 24. Qd3 c5 25. Bb2 Ba6 26. Qe3 Ne2+ 27. Qxe2 Bxe2 28.
Bxh8 gxh3 29. Bxe4 fxe4 0-1

[Event "BL 0405 SF Katernberg - SV Hofheim"]
[Site "?"]
[Date "2004.12.11"]
[Round "5.1"]
[White "Savchenko, Stanislav"]
[Black "Volokitin, Andrei"]
[Result "0-1"]
[WhiteElo "2497"]
[BlackElo "2652"]
[PlyCount "63"]
[EventDate "2004.??.??"]

1. d4 Nf6 2. c4 d6 3. Nc3 e5 4. dxe5 dxe5 5. Qxd8+ Kxd8 6. Nf3 Nbd7 7. Bd2 c6
8. Rg1 h6 9. g4 e4 10. Nd4 Ne5 11. g5 hxg5 12. Bxg5 Nxc4 13. O-O-O Nd6 14. Bg2
Kc7 15. Bf4 Bd7 16. Rd2 Nh5 17. Bxd6+ Bxd6 18. Rgd1 Nf6 19. Nxe4 Rxh2 20. Nxf6
gxf6 21. Nb5+ cxb5 22. Rxd6 Be6 23. Bf3 Rxf2 24. R6d4 Re8 25. b3 Re7 26. Kb2
Bd7 27. Rc1+ Bc6 28. Rc2 f5 29. Rf4 Re5 30. b4 Kd6 31. Rd4+ Ke7 32. a3 0-1

[Event "BL 0405 SF Katernberg - SV Hofheim"]
[Site "?"]
[Date "2004.12.11"]
[Round "5.2"]
[White "Naiditsch, Arkadij"]
[Black "Hickl, Joerg"]
[Result "1-0"]
[WhiteElo "2611"]
[BlackElo "2530"]
[PlyCount "135"]
[EventDate "2004.??.??"]

1. e4 g6 2. d4 Bg7 3. Nc3 d6 4. Be3 a6 5. Qd2 b5 6. h4 h5 7. f3 Nf6 8. O-O-O
Nc6 9. Nge2 Bb7 10. Nd5 Nxd5 11. exd5 Nb8 12. Bg5 Nd7 13. Nf4 Nf6 14. Re1 Qd7
15. g3 c6 16. Bh3 Qc7 17. dxc6 Qxc6 18. d5 Qc4 19. Kb1 Bc8 20. Bf1 Qc5 21. Bd3
Ra7 22. b4 Qc7 23. Re3 a5 24. Bxb5+ Bd7 25. Bxd7+ Qxd7 26. Rhe1 O-O 27. Qe2 Rb7
28. b5 Rxb5+ 29. Rb3 Rfb8 30. Qxe7 Rxb3+ 31. axb3 Re8 32. Bxf6 Rxe7 33. Rxe7
Qb5 34. Bxg7 Qf1+ 35. Kb2 Kxg7 36. Rd7 Qxf3 37. Ne6+ Kh6 38. Ng5 Qxg3 39. Nxf7+
Kg7 40. Nxd6+ Kf8 41. Rd8+ Ke7 42. Nb7 Qxh4 43. d6+ Kf7 44. Rd7+ Ke6 45. Re7+
Kd5 46. Rc7 Qd4+ 47. c3 Qf2+ 48. Ka3 Qb6 49. d7 Qxc7 50. d8=Q+ Qxd8 51. Nxd8 g5
52. c4+ Ke5 53. Nf7+ Kf6 54. Nd6 Ke5 55. c5 g4 56. Nc4+ Kd5 57. b4 g3 58. Ne3+
Kc6 59. Nf5 g2 60. Nd4+ Kd5 61. Ne2 h4 62. Ng1 axb4+ 63. Kxb4 Kc6 64. Kc4 Kc7
65. Kd5 Kd7 66. c6+ Kc7 67. Kc5 Kc8 68. Kd6 1-0